Statistics for 高速割り算

Click here to take the quiz!

General Stats

  • This quiz has been taken 185 times
  • The average score is 18 of 20

Answer Stats

問題回答% Correct
46 ÷ 461
100%
35 ÷ 351
100%
2 ÷ 21
100%
15 ÷ 151
100%
12 ÷ 121
100%
32 ÷ 321
100%
44 ÷ 441
100%
33 ÷ 331
100%
49 ÷ 491
100%
3 ÷ 31
100%
16 ÷ 161
100%
40 ÷ 401
100%
29 ÷ 291
100%
50 ÷ 501
100%
42 ÷ 421
100%
43 ÷ 431
100%
48 ÷ 481
100%
38 ÷ 381
100%
21 ÷ 211
100%
47 ÷ 471
100%
45 ÷ 451
100%
11 ÷ 111
100%
23 ÷ 231
100%
18 ÷ 181
100%
6 ÷ 61
100%
26 ÷ 261
100%
340 ÷ 3410
100%
140 ÷ 1410
100%
40 ÷ 410
100%
330 ÷ 3310
100%
80 ÷ 810
100%
480 ÷ 4810
100%
450 ÷ 4510
100%
110 ÷ 1110
100%
130 ÷ 1310
100%
20 ÷ 210
100%
50 ÷ 510
100%
220 ÷ 2210
100%
260 ÷ 2610
100%
270 ÷ 2710
100%
190 ÷ 1910
100%
30 ÷ 310
100%
300 ÷ 3010
100%
420 ÷ 4210
100%
410 ÷ 4110
100%
210 ÷ 2110
100%
310 ÷ 3110
100%
500 ÷ 5010
100%
400 ÷ 4100
100%
500 ÷ 5100
100%
600 ÷ 6100
100%
505 ÷ 5101
100%
303 ÷ 3101
100%
204 ÷ 2102
100%
408 ÷ 4102
100%
510 ÷ 5102
100%
306 ÷ 3102
100%
208 ÷ 2104
100%
416 ÷ 4104
100%
210 ÷ 2105
100%
315 ÷ 3105
100%
318 ÷ 3106
100%
428 ÷ 4107
100%
216 ÷ 2108
100%
324 ÷ 3108
100%
432 ÷ 4108
100%
327 ÷ 3109
100%
545 ÷ 5109
100%
218 ÷ 2109
100%
396 ÷ 3611
100%
374 ÷ 3411
100%
22 ÷ 211
100%
176 ÷ 1611
100%
220 ÷ 2011
100%
539 ÷ 4911
100%
253 ÷ 2311
100%
187 ÷ 1711
100%
132 ÷ 1211
100%
550 ÷ 5011
100%
242 ÷ 2211
100%
209 ÷ 1911
100%
319 ÷ 2911
100%
341 ÷ 3111
100%
44 ÷ 411
100%
88 ÷ 811
100%
198 ÷ 1811
100%
385 ÷ 3511
100%
440 ÷ 4011
100%
451 ÷ 4111
100%
407 ÷ 3711
100%
440 ÷ 4110
100%
333 ÷ 3111
100%
222 ÷ 2111
100%
555 ÷ 5111
100%
336 ÷ 3112
100%
224 ÷ 2112
100%
448 ÷ 4112
100%
565 ÷ 5113
100%
339 ÷ 3113
100%
342 ÷ 3114
100%
228 ÷ 2114
100%
456 ÷ 4114
100%
570 ÷ 5114
100%
580 ÷ 5116
100%
234 ÷ 2117
100%
351 ÷ 3117
100%
472 ÷ 4118
100%
590 ÷ 5118
100%
595 ÷ 5119
100%
238 ÷ 2119
100%
132 ÷ 1112
100%
300 ÷ 2512
100%
444 ÷ 3712
100%
564 ÷ 4712
100%
264 ÷ 2212
100%
60 ÷ 512
100%
336 ÷ 2812
100%
168 ÷ 1412
100%
276 ÷ 2312
100%
516 ÷ 4312
100%
156 ÷ 1312
100%
120 ÷ 1012
100%
372 ÷ 3112
100%
408 ÷ 3412
100%
144 ÷ 1212
100%
384 ÷ 3212
100%
576 ÷ 4812
100%
492 ÷ 4112
100%
72 ÷ 612
100%
108 ÷ 912
100%
456 ÷ 3812
100%
324 ÷ 2712
100%
84 ÷ 712
100%
432 ÷ 3612
100%
180 ÷ 1512
100%
420 ÷ 3512
100%
552 ÷ 4612
100%
48 ÷ 412
100%
540 ÷ 4512
100%
480 ÷ 4012
100%
252 ÷ 2112
100%
360 ÷ 3012
100%
240 ÷ 2012
100%
480 ÷ 4120
100%
360 ÷ 3120
100%
242 ÷ 2121
100%
363 ÷ 3121
100%
244 ÷ 2122
100%
488 ÷ 4122
100%
492 ÷ 4123
100%
246 ÷ 2123
100%
369 ÷ 3123
100%
496 ÷ 4124
100%
248 ÷ 2124
100%
372 ÷ 3124
100%
250 ÷ 2125
100%
252 ÷ 2126
100%
378 ÷ 3126
100%
381 ÷ 3127
100%
256 ÷ 2128
100%
258 ÷ 2129
100%
387 ÷ 3129
100%
273 ÷ 2113
100%
507 ÷ 3913
100%
195 ÷ 1513
100%
533 ÷ 4113
100%
429 ÷ 3313
100%
65 ÷ 513
100%
260 ÷ 2013
100%
234 ÷ 1813
100%
208 ÷ 1613
100%
559 ÷ 4313
100%
182 ÷ 1413
100%
572 ÷ 4413
100%
52 ÷ 413
100%
390 ÷ 3013
100%
468 ÷ 3613
100%
78 ÷ 613
100%
338 ÷ 2613
100%
377 ÷ 2913
100%
442 ÷ 3413
100%
117 ÷ 913
100%
39 ÷ 313
100%
364 ÷ 2813
100%
143 ÷ 1113
100%
390 ÷ 3130
100%
262 ÷ 2131
100%
264 ÷ 2132
100%
528 ÷ 4132
100%
266 ÷ 2133
100%
402 ÷ 3134
100%
268 ÷ 2134
100%
536 ÷ 4134
100%
540 ÷ 4135
100%
270 ÷ 2135
100%
274 ÷ 2137
100%
414 ÷ 3138
100%
552 ÷ 4138
100%
276 ÷ 2138
100%
266 ÷ 1914
100%
434 ÷ 3114
100%
378 ÷ 2714
100%
336 ÷ 2414
100%
392 ÷ 2814
100%
490 ÷ 3514
100%
168 ÷ 1214
100%
322 ÷ 2314
100%
28 ÷ 214
100%
42 ÷ 314
100%
126 ÷ 914
100%
154 ÷ 1114
100%
350 ÷ 2514
100%
588 ÷ 4214
100%
182 ÷ 1314
100%
98 ÷ 714
100%
112 ÷ 814
100%
308 ÷ 2214
100%
420 ÷ 3014
100%
420 ÷ 3140
100%
423 ÷ 3141
100%
284 ÷ 2142
100%
426 ÷ 3142
100%
429 ÷ 3143
100%
572 ÷ 4143
100%
432 ÷ 3144
100%
576 ÷ 4144
100%
435 ÷ 3145
100%
292 ÷ 2146
100%
584 ÷ 4146
100%
588 ÷ 4147
100%
294 ÷ 2147
100%
296 ÷ 2148
100%
592 ÷ 4148
100%
596 ÷ 4149
100%
298 ÷ 2149
100%
447 ÷ 3149
100%
465 ÷ 3115
100%
75 ÷ 515
100%
240 ÷ 1615
100%
480 ÷ 3215
100%
60 ÷ 415
100%
180 ÷ 1215
100%
135 ÷ 915
100%
270 ÷ 1815
100%
255 ÷ 1715
100%
345 ÷ 2315
100%
30 ÷ 215
100%
165 ÷ 1115
100%
105 ÷ 715
100%
390 ÷ 2615
100%
330 ÷ 2215
100%
300 ÷ 2015
100%
495 ÷ 3315
100%
90 ÷ 615
100%
210 ÷ 1415
100%
405 ÷ 2715
100%
435 ÷ 2915
100%
150 ÷ 1015
100%
120 ÷ 815
100%
600 ÷ 4150
100%
304 ÷ 2152
100%
308 ÷ 2154
100%
310 ÷ 2155
100%
468 ÷ 3156
100%
314 ÷ 2157
100%
471 ÷ 3157
100%
316 ÷ 2158
100%
474 ÷ 3158
100%
318 ÷ 2159
100%
240 ÷ 1516
100%
480 ÷ 3016
100%
592 ÷ 3716
100%
176 ÷ 1116
100%
144 ÷ 916
100%
32 ÷ 216
100%
320 ÷ 2016
100%
112 ÷ 716
100%
304 ÷ 1916
100%
384 ÷ 2416
100%
512 ÷ 3216
100%
96 ÷ 616
100%
464 ÷ 2916
100%
528 ÷ 3316
100%
336 ÷ 2116
100%
432 ÷ 2716
100%
192 ÷ 1216
100%
288 ÷ 1816
100%
208 ÷ 1316
100%
80 ÷ 516
100%
64 ÷ 416
100%
400 ÷ 2516
100%
160 ÷ 1016
100%
320 ÷ 2160
100%
322 ÷ 2161
100%
483 ÷ 3161
100%
489 ÷ 3163
100%
328 ÷ 2164
100%
334 ÷ 2167
100%
338 ÷ 2169
100%
507 ÷ 3169
100%
459 ÷ 2717
100%
476 ÷ 2817
100%
374 ÷ 2217
100%
204 ÷ 1217
100%
578 ÷ 3417
100%
221 ÷ 1317
100%
238 ÷ 1417
100%
136 ÷ 817
100%
357 ÷ 2117
100%
510 ÷ 3017
100%
170 ÷ 1017
100%
408 ÷ 2417
100%
272 ÷ 1617
100%
527 ÷ 3117
100%
340 ÷ 2017
100%
289 ÷ 1717
100%
255 ÷ 1517
100%
102 ÷ 617
100%
51 ÷ 317
100%
442 ÷ 2617
100%
595 ÷ 3517
100%
510 ÷ 3170
100%
342 ÷ 2171
100%
516 ÷ 3172
100%
519 ÷ 3173
100%
348 ÷ 2174
100%
525 ÷ 3175
100%
531 ÷ 3177
100%
354 ÷ 2177
100%
534 ÷ 3178
100%
356 ÷ 2178
100%
358 ÷ 2179
100%
537 ÷ 3179
100%
162 ÷ 918
100%
378 ÷ 2118
100%
576 ÷ 3218
100%
288 ÷ 1618
100%
504 ÷ 2818
100%
306 ÷ 1718
100%
486 ÷ 2718
100%
558 ÷ 3118
100%
234 ÷ 1318
100%
180 ÷ 1018
100%
252 ÷ 1418
100%
324 ÷ 1818
100%
540 ÷ 3018
100%
144 ÷ 818
100%
54 ÷ 318
100%
108 ÷ 618
100%
450 ÷ 2518
100%
72 ÷ 418
100%
90 ÷ 518
100%
414 ÷ 2318
100%
360 ÷ 2180
100%
543 ÷ 3181
100%
549 ÷ 3183
100%
552 ÷ 3184
100%
368 ÷ 2184
100%
370 ÷ 2185
100%
555 ÷ 3185
100%
558 ÷ 3186
100%
374 ÷ 2187
100%
380 ÷ 2019
100%
437 ÷ 2319
100%
304 ÷ 1619
100%
38 ÷ 219
100%
209 ÷ 1119
100%
57 ÷ 319
100%
513 ÷ 2719
100%
342 ÷ 1819
100%
361 ÷ 1919
100%
475 ÷ 2519
100%
323 ÷ 1719
100%
266 ÷ 1419
100%
171 ÷ 919
100%
152 ÷ 819
100%
190 ÷ 1019
100%
114 ÷ 619
100%
95 ÷ 519
100%
380 ÷ 2190
100%
573 ÷ 3191
100%
576 ÷ 3192
100%
386 ÷ 2193
100%
388 ÷ 2194
100%
585 ÷ 3195
100%
392 ÷ 2196
100%
591 ÷ 3197
100%
594 ÷ 3198
100%
396 ÷ 2198
100%
597 ÷ 3199
100%
48 ÷ 242
100%
22 ÷ 112
100%
76 ÷ 382
100%
28 ÷ 142
100%
92 ÷ 462
100%
34 ÷ 172
100%
62 ÷ 312
100%
50 ÷ 252
100%
90 ÷ 452
100%
36 ÷ 182
100%
60 ÷ 302
100%
82 ÷ 412
100%
6 ÷ 32
100%
42 ÷ 212
100%
40 ÷ 202
100%
4 ÷ 22
100%
84 ÷ 422
100%
38 ÷ 192
100%
88 ÷ 442
100%
46 ÷ 232
100%
86 ÷ 432
100%
74 ÷ 372
100%
78 ÷ 392
100%
64 ÷ 322
100%
100 ÷ 502
100%
66 ÷ 332
100%
98 ÷ 492
100%
30 ÷ 152
100%
16 ÷ 82
100%
96 ÷ 482
100%
20 ÷ 102
100%
400 ÷ 2020
100%
260 ÷ 1320
100%
440 ÷ 2220
100%
100 ÷ 520
100%
340 ÷ 1720
100%
560 ÷ 2820
100%
280 ÷ 1420
100%
380 ÷ 1920
100%
460 ÷ 2320
100%
520 ÷ 2620
100%
220 ÷ 1120
100%
120 ÷ 620
100%
140 ÷ 720
100%
580 ÷ 2920
100%
480 ÷ 2420
100%
420 ÷ 2120
100%
600 ÷ 3200
100%
402 ÷ 2201
100%
410 ÷ 2205
100%
416 ÷ 2208
100%
273 ÷ 1321
100%
126 ÷ 621
100%
546 ÷ 2621
100%
441 ÷ 2121
100%
189 ÷ 921
100%
357 ÷ 1721
100%
420 ÷ 2021
100%
210 ÷ 1021
100%
168 ÷ 821
100%
504 ÷ 2421
100%
105 ÷ 521
100%
84 ÷ 421
100%
336 ÷ 1621
100%
294 ÷ 1421
100%
42 ÷ 221
100%
231 ÷ 1121
100%
422 ÷ 2211
100%
424 ÷ 2212
100%
426 ÷ 2213
100%
430 ÷ 2215
100%
432 ÷ 2216
100%
434 ÷ 2217
100%
242 ÷ 1122
100%
110 ÷ 522
100%
154 ÷ 722
100%
198 ÷ 922
100%
506 ÷ 2322
100%
66 ÷ 322
100%
132 ÷ 622
100%
572 ÷ 2622
100%
440 ÷ 2022
100%
330 ÷ 1522
100%
220 ÷ 1022
100%
88 ÷ 422
100%
484 ÷ 2222
100%
440 ÷ 2220
100%
442 ÷ 2221
100%
448 ÷ 2224
100%
454 ÷ 2227
100%
456 ÷ 2228
100%
552 ÷ 2423
100%
46 ÷ 223
100%
161 ÷ 723
100%
437 ÷ 1923
100%
138 ÷ 623
100%
299 ÷ 1323
100%
253 ÷ 1123
100%
529 ÷ 2323
100%
92 ÷ 423
100%
575 ÷ 2523
100%
506 ÷ 2223
100%
460 ÷ 2230
100%
462 ÷ 2231
100%
468 ÷ 2234
100%
470 ÷ 2235
100%
474 ÷ 2237
100%
478 ÷ 2239
100%
120 ÷ 524
100%
504 ÷ 2124
100%
456 ÷ 1924
100%
240 ÷ 1024
100%
552 ÷ 2324
100%
480 ÷ 2024
100%
72 ÷ 324
100%
288 ÷ 1224
100%
336 ÷ 1424
100%
600 ÷ 2524
100%
408 ÷ 1724
100%
48 ÷ 224
100%
576 ÷ 2424
100%
488 ÷ 2244
100%
492 ÷ 2246
100%
494 ÷ 2247
100%
498 ÷ 2249
100%
50 ÷ 225
100%
475 ÷ 1925
100%
600 ÷ 2425
100%
250 ÷ 1025
100%
350 ÷ 1425
100%
500 ÷ 2025
100%
75 ÷ 325
100%
150 ÷ 625
100%
375 ÷ 1525
100%
125 ÷ 525
100%
100 ÷ 425
100%
550 ÷ 2225
100%
225 ÷ 925
100%
500 ÷ 2250
100%
502 ÷ 2251
100%
506 ÷ 2253
100%
510 ÷ 2255
100%
518 ÷ 2259
100%
390 ÷ 1526
100%
520 ÷ 2026
100%
52 ÷ 226
100%
260 ÷ 1026
100%
182 ÷ 726
100%
572 ÷ 2226
100%
104 ÷ 426
100%
468 ÷ 1826
100%
156 ÷ 626
100%
78 ÷ 326
100%
130 ÷ 526
100%
520 ÷ 2260
100%
522 ÷ 2261
100%
524 ÷ 2262
100%
526 ÷ 2263
100%
528 ÷ 2264
100%
532 ÷ 2266
100%
536 ÷ 2268
100%
538 ÷ 2269
100%
378 ÷ 1427
100%
81 ÷ 327
100%
513 ÷ 1927
100%
405 ÷ 1527
100%
540 ÷ 2027
100%
162 ÷ 627
100%
297 ÷ 1127
100%
216 ÷ 827
100%
135 ÷ 527
100%
108 ÷ 427
100%
243 ÷ 927
100%
432 ÷ 1627
100%
594 ÷ 2227
100%
540 ÷ 2270
100%
544 ÷ 2272
100%
546 ÷ 2273
100%
548 ÷ 2274
100%
550 ÷ 2275
100%
552 ÷ 2276
100%
556 ÷ 2278
100%
308 ÷ 1128
100%
504 ÷ 1828
100%
168 ÷ 628
100%
588 ÷ 2128
100%
560 ÷ 2028
100%
252 ÷ 928
100%
420 ÷ 1528
100%
84 ÷ 328
100%
532 ÷ 1928
100%
336 ÷ 1228
100%
560 ÷ 2280
100%
562 ÷ 2281
100%
564 ÷ 2282
100%
566 ÷ 2283
100%
568 ÷ 2284
100%
580 ÷ 2029
100%
435 ÷ 1529
100%
145 ÷ 529
100%
522 ÷ 1829
100%
493 ÷ 1729
100%
261 ÷ 929
100%
348 ÷ 1229
100%
58 ÷ 229
100%
582 ÷ 2291
100%
584 ÷ 2292
100%
592 ÷ 2296
100%
598 ÷ 2299
100%
141 ÷ 473
100%
27 ÷ 93
100%
129 ÷ 433
100%
60 ÷ 203
100%
21 ÷ 73
100%
75 ÷ 253
100%
117 ÷ 393
100%
144 ÷ 483
100%
48 ÷ 163
100%
120 ÷ 403
100%
123 ÷ 413
100%
138 ÷ 463
100%
30 ÷ 103
100%
135 ÷ 453
100%
108 ÷ 363
100%
150 ÷ 503
100%
24 ÷ 83
100%
78 ÷ 263
100%
9 ÷ 33
100%
84 ÷ 283
100%
6 ÷ 23
100%
87 ÷ 293
100%
105 ÷ 353
100%
111 ÷ 373
100%
147 ÷ 493
100%
33 ÷ 113
100%
93 ÷ 313
100%
90 ÷ 330
100%
240 ÷ 830
100%
300 ÷ 1030
100%
150 ÷ 530
100%
180 ÷ 630
100%
360 ÷ 1230
100%
60 ÷ 230
100%
600 ÷ 2030
100%
570 ÷ 1930
100%
420 ÷ 1430
100%
330 ÷ 1130
100%
600 ÷ 2300
100%
217 ÷ 731
100%
341 ÷ 1131
100%
496 ÷ 1631
100%
310 ÷ 1031
100%
558 ÷ 1831
100%
155 ÷ 531
100%
465 ÷ 1531
100%
248 ÷ 831
100%
434 ÷ 1431
100%
93 ÷ 331
100%
192 ÷ 632
100%
224 ÷ 732
100%
128 ÷ 432
100%
512 ÷ 1632
100%
480 ÷ 1532
100%
416 ÷ 1332
100%
544 ÷ 1732
100%
256 ÷ 832
100%
320 ÷ 1032
100%
288 ÷ 932
100%
462 ÷ 1433
100%
165 ÷ 533
100%
330 ÷ 1033
100%
132 ÷ 433
100%
66 ÷ 233
100%
594 ÷ 1833
100%
264 ÷ 833
100%
528 ÷ 1633
100%
306 ÷ 934
100%
136 ÷ 434
100%
544 ÷ 1634
100%
510 ÷ 1534
100%
204 ÷ 634
100%
374 ÷ 1134
100%
238 ÷ 734
100%
272 ÷ 834
100%
408 ÷ 1234
100%
442 ÷ 1334
100%
68 ÷ 234
100%
170 ÷ 534
100%
280 ÷ 835
100%
385 ÷ 1135
100%
315 ÷ 935
100%
140 ÷ 435
100%
216 ÷ 636
100%
540 ÷ 1536
100%
576 ÷ 1636
100%
504 ÷ 1436
100%
144 ÷ 436
100%
72 ÷ 236
100%
444 ÷ 1237
100%
296 ÷ 837
100%
555 ÷ 1537
100%
259 ÷ 737
100%
407 ÷ 1137
100%
333 ÷ 937
100%
111 ÷ 337
100%
418 ÷ 1138
100%
570 ÷ 1538
100%
152 ÷ 438
100%
76 ÷ 238
100%
532 ÷ 1438
100%
380 ÷ 1038
100%
342 ÷ 938
100%
228 ÷ 638
100%
195 ÷ 539
100%
429 ÷ 1139
100%
546 ÷ 1439
100%
78 ÷ 239
100%
156 ÷ 439
100%
188 ÷ 474
100%
36 ÷ 94
100%
104 ÷ 264
100%
172 ÷ 434
100%
16 ÷ 44
100%
72 ÷ 184
100%
176 ÷ 444
100%
112 ÷ 284
100%
168 ÷ 424
100%
156 ÷ 394
100%
124 ÷ 314
100%
40 ÷ 104
100%
116 ÷ 294
100%
152 ÷ 384
100%
24 ÷ 64
100%
80 ÷ 204
100%
12 ÷ 34
100%
92 ÷ 234
100%
56 ÷ 144
100%
136 ÷ 344
100%
76 ÷ 194
100%
48 ÷ 124
100%
108 ÷ 274
100%
140 ÷ 354
100%
132 ÷ 334
100%
520 ÷ 1340
100%
480 ÷ 1240
100%
360 ÷ 940
100%
120 ÷ 340
100%
160 ÷ 440
100%
240 ÷ 640
100%
320 ÷ 840
100%
246 ÷ 641
100%
82 ÷ 241
100%
369 ÷ 941
100%
205 ÷ 541
100%
451 ÷ 1141
100%
533 ÷ 1341
100%
328 ÷ 841
100%
492 ÷ 1241
100%
574 ÷ 1441
100%
504 ÷ 1242
100%
546 ÷ 1342
100%
126 ÷ 342
100%
462 ÷ 1142
100%
252 ÷ 642
100%
84 ÷ 242
100%
336 ÷ 842
100%
430 ÷ 1043
100%
516 ÷ 1243
100%
129 ÷ 343
100%
473 ÷ 1143
100%
86 ÷ 243
100%
344 ÷ 843
100%
301 ÷ 743
100%
559 ÷ 1343
100%
172 ÷ 443
100%
396 ÷ 944
100%
88 ÷ 244
100%
440 ÷ 1044
100%
352 ÷ 844
100%
180 ÷ 445
100%
225 ÷ 545
100%
450 ÷ 1045
100%
90 ÷ 245
100%
585 ÷ 1345
100%
360 ÷ 845
100%
315 ÷ 745
100%
405 ÷ 945
100%
270 ÷ 645
100%
322 ÷ 746
100%
506 ÷ 1146
100%
368 ÷ 846
100%
598 ÷ 1346
100%
460 ÷ 1046
100%
230 ÷ 546
100%
138 ÷ 346
100%
141 ÷ 347
100%
564 ÷ 1247
100%
94 ÷ 247
100%
188 ÷ 447
100%
376 ÷ 847
100%
329 ÷ 747
100%
96 ÷ 248
100%
384 ÷ 848
100%
576 ÷ 1248
100%
528 ÷ 1148
100%
240 ÷ 548
100%
196 ÷ 449
100%
147 ÷ 349
100%
490 ÷ 1049
100%
170 ÷ 345
100%
30 ÷ 65
100%
235 ÷ 475
100%
210 ÷ 425
100%
50 ÷ 105
100%
35 ÷ 75
100%
70 ÷ 145
100%
165 ÷ 335
100%
150 ÷ 305
100%
15 ÷ 35
100%
120 ÷ 245
100%
195 ÷ 395
100%
245 ÷ 495
100%
125 ÷ 255
100%
45 ÷ 95
100%
10 ÷ 25
100%
130 ÷ 265
100%
85 ÷ 175
100%
240 ÷ 485
100%
215 ÷ 435
100%
160 ÷ 325
100%
230 ÷ 465
100%
25 ÷ 55
100%
20 ÷ 45
100%
155 ÷ 315
100%
105 ÷ 215
100%
60 ÷ 125
100%
75 ÷ 155
100%
80 ÷ 165
100%
250 ÷ 550
100%
450 ÷ 950
100%
100 ÷ 250
100%
500 ÷ 1050
100%
153 ÷ 351
100%
357 ÷ 751
100%
408 ÷ 851
100%
510 ÷ 1051
100%
561 ÷ 1151
100%
520 ÷ 1052
100%
416 ÷ 852
100%
104 ÷ 252
100%
260 ÷ 552
100%
572 ÷ 1152
100%
364 ÷ 752
100%
312 ÷ 652
100%
468 ÷ 952
100%
318 ÷ 653
100%
371 ÷ 753
100%
212 ÷ 453
100%
106 ÷ 253
100%
265 ÷ 553
100%
424 ÷ 853
100%
583 ÷ 1153
100%
378 ÷ 754
100%
594 ÷ 1154
100%
162 ÷ 354
100%
324 ÷ 654
100%
108 ÷ 254
100%
270 ÷ 554
100%
216 ÷ 454
100%
275 ÷ 555
100%
220 ÷ 455
100%
385 ÷ 755
100%
495 ÷ 955
100%
330 ÷ 655
100%
440 ÷ 855
100%
112 ÷ 256
100%
560 ÷ 1056
100%
224 ÷ 456
100%
342 ÷ 657
100%
570 ÷ 1057
100%
285 ÷ 557
100%
399 ÷ 757
100%
228 ÷ 457
100%
174 ÷ 358
100%
116 ÷ 258
100%
406 ÷ 758
100%
236 ÷ 459
100%
177 ÷ 359
100%
118 ÷ 259
100%
354 ÷ 659
100%
531 ÷ 959
100%
590 ÷ 1059
100%
84 ÷ 146
100%
252 ÷ 426
100%
192 ÷ 326
100%
72 ÷ 126
100%
138 ÷ 236
100%
276 ÷ 466
100%
54 ÷ 96
100%
216 ÷ 366
100%
102 ÷ 176
100%
78 ÷ 136
100%
114 ÷ 196
100%
210 ÷ 356
100%
246 ÷ 416
100%
120 ÷ 206
100%
228 ÷ 386
100%
270 ÷ 456
100%
60 ÷ 106
100%
132 ÷ 226
100%
222 ÷ 376
100%
198 ÷ 336
100%
36 ÷ 66
100%
66 ÷ 116
100%
240 ÷ 406
100%
162 ÷ 276
100%
96 ÷ 166
100%
144 ÷ 246
100%
18 ÷ 36
100%
288 ÷ 486
100%
24 ÷ 46
100%
300 ÷ 560
100%
420 ÷ 760
100%
600 ÷ 1060
100%
480 ÷ 860
100%
122 ÷ 261
100%
244 ÷ 461
100%
549 ÷ 961
100%
488 ÷ 861
100%
427 ÷ 761
100%
496 ÷ 862
100%
124 ÷ 262
100%
248 ÷ 462
100%
378 ÷ 663
100%
256 ÷ 464
100%
320 ÷ 564
100%
576 ÷ 964
100%
128 ÷ 264
100%
512 ÷ 864
100%
325 ÷ 565
100%
195 ÷ 365
100%
260 ÷ 465
100%
520 ÷ 865
100%
198 ÷ 366
100%
462 ÷ 766
100%
528 ÷ 866
100%
264 ÷ 466
100%
402 ÷ 667
100%
476 ÷ 768
100%
408 ÷ 668
100%
414 ÷ 669
100%
345 ÷ 569
100%
70 ÷ 107
100%
301 ÷ 437
100%
238 ÷ 347
100%
119 ÷ 177
100%
231 ÷ 337
100%
308 ÷ 447
100%
196 ÷ 287
100%
63 ÷ 97
100%
315 ÷ 457
100%
133 ÷ 197
100%
161 ÷ 237
100%
322 ÷ 467
100%
336 ÷ 487
100%
280 ÷ 407
100%
42 ÷ 67
100%
56 ÷ 87
100%
28 ÷ 47
100%
77 ÷ 117
100%
147 ÷ 217
100%
21 ÷ 37
100%
189 ÷ 277
100%
343 ÷ 497
100%
175 ÷ 257
100%
49 ÷ 77
100%
84 ÷ 127
100%
210 ÷ 307
100%
280 ÷ 470
100%
140 ÷ 270
100%
350 ÷ 570
100%
355 ÷ 571
100%
426 ÷ 671
100%
568 ÷ 871
100%
360 ÷ 572
100%
216 ÷ 372
100%
288 ÷ 472
100%
504 ÷ 772
100%
511 ÷ 773
100%
365 ÷ 573
100%
219 ÷ 373
100%
296 ÷ 474
100%
370 ÷ 574
100%
148 ÷ 274
100%
222 ÷ 374
100%
444 ÷ 674
100%
450 ÷ 675
100%
150 ÷ 275
100%
375 ÷ 575
100%
300 ÷ 475
100%
600 ÷ 875
100%
525 ÷ 775
100%
532 ÷ 776
100%
228 ÷ 376
100%
456 ÷ 676
100%
385 ÷ 577
100%
154 ÷ 277
100%
468 ÷ 678
100%
390 ÷ 578
100%
234 ÷ 378
100%
156 ÷ 278
100%
546 ÷ 778
100%
395 ÷ 579
100%
553 ÷ 779
100%
168 ÷ 218
100%
256 ÷ 328
100%
336 ÷ 428
100%
272 ÷ 348
100%
224 ÷ 288
100%
200 ÷ 258
100%
112 ÷ 148
100%
296 ÷ 378
100%
184 ÷ 238
100%
240 ÷ 308
100%
376 ÷ 478
100%
320 ÷ 408
100%
32 ÷ 48
100%
16 ÷ 28
100%
24 ÷ 38
100%
216 ÷ 278
100%
248 ÷ 318
100%
232 ÷ 298
100%
352 ÷ 448
100%
288 ÷ 368
100%
328 ÷ 418
100%
360 ÷ 458
100%
312 ÷ 398
100%
152 ÷ 198
100%
400 ÷ 508
100%
160 ÷ 208
100%
160 ÷ 280
100%
400 ÷ 580
100%
480 ÷ 680
100%
240 ÷ 380
100%
320 ÷ 480
100%
162 ÷ 281
100%
405 ÷ 581
100%
486 ÷ 681
100%
410 ÷ 582
100%
164 ÷ 282
100%
249 ÷ 383
100%
166 ÷ 283
100%
498 ÷ 683
100%
415 ÷ 583
100%
588 ÷ 784
100%
336 ÷ 484
100%
252 ÷ 384
100%
595 ÷ 785
100%
170 ÷ 285
100%
430 ÷ 586
100%
435 ÷ 587
100%
528 ÷ 688
100%
440 ÷ 588
100%
153 ÷ 179
100%
297 ÷ 339
100%
378 ÷ 429
100%
315 ÷ 359
100%
423 ÷ 479
100%
243 ÷ 279
100%
108 ÷ 129
100%
45 ÷ 59
100%
27 ÷ 39
100%
351 ÷ 399
100%
270 ÷ 309
100%
387 ÷ 439
100%
144 ÷ 169
100%
360 ÷ 409
100%
117 ÷ 139
100%
441 ÷ 499
100%
216 ÷ 249
100%
369 ÷ 419
100%
450 ÷ 509
100%
36 ÷ 49
100%
18 ÷ 29
100%
162 ÷ 189
100%
288 ÷ 329
100%
81 ÷ 99
100%
360 ÷ 490
100%
450 ÷ 590
100%
270 ÷ 390
100%
273 ÷ 391
100%
455 ÷ 591
100%
546 ÷ 691
100%
364 ÷ 491
100%
184 ÷ 292
100%
552 ÷ 692
100%
368 ÷ 492
100%
460 ÷ 592
100%
186 ÷ 293
100%
372 ÷ 493
100%
465 ÷ 593
100%
188 ÷ 294
100%
470 ÷ 594
100%
380 ÷ 495
100%
570 ÷ 695
100%
285 ÷ 395
100%
475 ÷ 595
100%
192 ÷ 296
100%
480 ÷ 596
100%
291 ÷ 397
100%
194 ÷ 297
100%
388 ÷ 497
100%
485 ÷ 597
100%
392 ÷ 498
100%
294 ÷ 398
100%
588 ÷ 698
100%
594 ÷ 699
100%
297 ÷ 399
100%
198 ÷ 299
100%
185 ÷ 537
83%
495 ÷ 3165
75%
396 ÷ 1822
75%
276 ÷ 1223
75%
351 ÷ 939
75%
300 ÷ 650
75%
140 ÷ 207
75%
10 ÷ 101
67%
70 ÷ 710
67%
150 ÷ 1510
67%
506 ÷ 4611
67%
288 ÷ 2412
67%
520 ÷ 4013
67%
288 ÷ 2144
67%
324 ÷ 2162
67%
330 ÷ 2165
67%
564 ÷ 3188
67%
588 ÷ 3196
67%
345 ÷ 1523
67%
484 ÷ 2242
67%
534 ÷ 2267
67%
476 ÷ 1434
67%
234 ÷ 639
67%
484 ÷ 1144
67%
486 ÷ 954
67%
360 ÷ 660
67%
210 ÷ 370
67%
144 ÷ 188
67%
282 ÷ 394
67%
384 ÷ 496
67%
25 ÷ 251
50%
100 ÷ 1010
50%
212 ÷ 2106
50%
418 ÷ 3811
50%
484 ÷ 4411
50%
464 ÷ 4116
50%
528 ÷ 4412
50%
588 ÷ 4912
50%
240 ÷ 2120
50%
325 ÷ 2513
50%
247 ÷ 1913
50%
416 ÷ 3213
50%
520 ÷ 4130
50%
405 ÷ 3135
50%
417 ÷ 3139
50%
252 ÷ 1814
50%
444 ÷ 3148
50%
540 ÷ 3615
50%
195 ÷ 1315
50%
306 ÷ 2153
50%
594 ÷ 3318
50%
561 ÷ 3187
50%
399 ÷ 2119
50%
72 ÷ 362
50%
24 ÷ 122
50%
486 ÷ 2243
50%
275 ÷ 1125
50%
63 ÷ 213
50%
45 ÷ 153
50%
81 ÷ 273
50%
390 ÷ 1330
50%
561 ÷ 1733
50%
350 ÷ 1035
50%
252 ÷ 736
50%
518 ÷ 1437
50%
507 ÷ 1339
50%
528 ÷ 1244
50%
448 ÷ 856
50%
114 ÷ 257
50%
558 ÷ 962
50%
455 ÷ 765
50%
136 ÷ 268
50%
266 ÷ 387
50%
35 ÷ 57
50%
490 ÷ 770
50%
292 ÷ 473
50%
225 ÷ 375
50%
380 ÷ 576
50%
462 ÷ 677
50%
231 ÷ 377
50%
425 ÷ 585
50%
348 ÷ 487
50%
261 ÷ 387
50%
564 ÷ 4141
33%
300 ÷ 506
33%
4 ÷ 41
0%
27 ÷ 271
0%
8 ÷ 81
0%
31 ÷ 311
0%
100 ÷ 1001
0%
5 ÷ 51
0%
20 ÷ 201
0%
30 ÷ 301
0%
9 ÷ 91
0%
34 ÷ 341
0%
14 ÷ 141
0%
13 ÷ 131
0%
7 ÷ 71
0%
28 ÷ 281
0%
24 ÷ 241
0%
17 ÷ 171
0%
19 ÷ 191
0%
39 ÷ 391
0%
22 ÷ 221
0%
41 ÷ 411
0%
37 ÷ 371
0%
36 ÷ 361
0%
250 ÷ 2510
0%
290 ÷ 2910
0%
280 ÷ 2810
0%
200 ÷ 2010
0%
490 ÷ 4910
0%
460 ÷ 4610
0%
370 ÷ 3710
0%
180 ÷ 1810
0%
320 ÷ 3210
0%
230 ÷ 2310
0%
60 ÷ 610
0%
470 ÷ 4710
0%
90 ÷ 910
0%
440 ÷ 4410
0%
430 ÷ 4310
0%
360 ÷ 3610
0%
400 ÷ 4010
0%
240 ÷ 2410
0%
120 ÷ 1210
0%
380 ÷ 3810
0%
160 ÷ 1610
0%
390 ÷ 3910
0%
350 ÷ 3510
0%
170 ÷ 1710
0%
200 ÷ 2100
0%
300 ÷ 3100
0%
404 ÷ 4101
0%
202 ÷ 2101
0%
309 ÷ 3103
0%
515 ÷ 5103
0%
206 ÷ 2103
0%
412 ÷ 4103
0%
520 ÷ 5104
0%
312 ÷ 3104
0%
525 ÷ 5105
0%
420 ÷ 4105
0%
530 ÷ 5106
0%
424 ÷ 4106
0%
535 ÷ 5107
0%
321 ÷ 3107
0%
214 ÷ 2107
0%
540 ÷ 5108
0%
436 ÷ 4109
0%
66 ÷ 611
0%
495 ÷ 4511
0%
528 ÷ 4811
0%
473 ÷ 4311
0%
77 ÷ 711
0%
517 ÷ 4711
0%
462 ÷ 4211
0%
55 ÷ 511
0%
99 ÷ 911
0%
429 ÷ 3911
0%
154 ÷ 1411
0%
297 ÷ 2711
0%
308 ÷ 2811
0%
143 ÷ 1311
0%
33 ÷ 311
0%
231 ÷ 2111
0%
330 ÷ 3011
0%
286 ÷ 2611
0%
275 ÷ 2511
0%
110 ÷ 1011
0%
352 ÷ 3211
0%
121 ÷ 1111
0%
165 ÷ 1511
0%
363 ÷ 3311
0%
264 ÷ 2411
0%
330 ÷ 3110
0%
550 ÷ 5110
0%
220 ÷ 2110
0%
444 ÷ 4111
0%
560 ÷ 5112
0%
452 ÷ 4113
0%
226 ÷ 2113
0%
345 ÷ 3115
0%
575 ÷ 5115
0%
460 ÷ 4115
0%
230 ÷ 2115
0%
348 ÷ 3116
0%
232 ÷ 2116
0%
468 ÷ 4117
0%
585 ÷ 5117
0%
354 ÷ 3118
0%
236 ÷ 2118
0%
357 ÷ 3119
0%
476 ÷ 4119
0%
24 ÷ 212
0%
192 ÷ 1612
0%
96 ÷ 812
0%
312 ÷ 2612
0%
36 ÷ 312
0%
600 ÷ 5012
0%
348 ÷ 2912
0%
504 ÷ 4212
0%
204 ÷ 1712
0%
396 ÷ 3312
0%
468 ÷ 3912
0%
216 ÷ 1812
0%
228 ÷ 1912
0%
600 ÷ 5120
0%
484 ÷ 4121
0%
366 ÷ 3122
0%
375 ÷ 3125
0%
500 ÷ 4125
0%
504 ÷ 4126
0%
508 ÷ 4127
0%
254 ÷ 2127
0%
512 ÷ 4128
0%
384 ÷ 3128
0%
516 ÷ 4129
0%
169 ÷ 1313
0%
546 ÷ 4213
0%
156 ÷ 1213
0%
481 ÷ 3713
0%
494 ÷ 3813
0%
286 ÷ 2213
0%
455 ÷ 3513
0%
598 ÷ 4613
0%
299 ÷ 2313
0%
312 ÷ 2413
0%
26 ÷ 213
0%
403 ÷ 3113
0%
585 ÷ 4513
0%
351 ÷ 2713
0%
221 ÷ 1713
0%
130 ÷ 1013
0%
91 ÷ 713
0%
104 ÷ 813
0%
260 ÷ 2130
0%
393 ÷ 3131
0%
524 ÷ 4131
0%
396 ÷ 3132
0%
532 ÷ 4133
0%
399 ÷ 3133
0%
408 ÷ 3136
0%
544 ÷ 4136
0%
272 ÷ 2136
0%
411 ÷ 3137
0%
548 ÷ 4137
0%
278 ÷ 2139
0%
556 ÷ 4139
0%
238 ÷ 1714
0%
70 ÷ 514
0%
546 ÷ 3914
0%
196 ÷ 1414
0%
280 ÷ 2014
0%
574 ÷ 4114
0%
462 ÷ 3314
0%
560 ÷ 4014
0%
84 ÷ 614
0%
56 ÷ 414
0%
518 ÷ 3714
0%
406 ÷ 2914
0%
364 ÷ 2614
0%
476 ÷ 3414
0%
294 ÷ 2114
0%
210 ÷ 1514
0%
448 ÷ 3214
0%
224 ÷ 1614
0%
532 ÷ 3814
0%
140 ÷ 1014
0%
504 ÷ 3614
0%
560 ÷ 4140
0%
280 ÷ 2140
0%
282 ÷ 2141
0%
568 ÷ 4142
0%
286 ÷ 2143
0%
580 ÷ 4145
0%
290 ÷ 2145
0%
438 ÷ 3146
0%
441 ÷ 3147
0%
45 ÷ 315
0%
555 ÷ 3715
0%
510 ÷ 3415
0%
600 ÷ 4015
0%
285 ÷ 1915
0%
360 ÷ 2415
0%
450 ÷ 3015
0%
570 ÷ 3815
0%
375 ÷ 2515
0%
225 ÷ 1515
0%
420 ÷ 2815
0%
585 ÷ 3915
0%
315 ÷ 2115
0%
525 ÷ 3515
0%
450 ÷ 3150
0%
300 ÷ 2150
0%
302 ÷ 2151
0%
453 ÷ 3151
0%
456 ÷ 3152
0%
459 ÷ 3153
0%
462 ÷ 3154
0%
465 ÷ 3155
0%
312 ÷ 2156
0%
477 ÷ 3159
0%
352 ÷ 2216
0%
48 ÷ 316
0%
576 ÷ 3616
0%
496 ÷ 3116
0%
224 ÷ 1416
0%
544 ÷ 3416
0%
560 ÷ 3516
0%
272 ÷ 1716
0%
256 ÷ 1616
0%
416 ÷ 2616
0%
368 ÷ 2316
0%
128 ÷ 816
0%
448 ÷ 2816
0%
480 ÷ 3160
0%
486 ÷ 3162
0%
326 ÷ 2163
0%
492 ÷ 3164
0%
332 ÷ 2166
0%
498 ÷ 3166
0%
501 ÷ 3167
0%
336 ÷ 2168
0%
504 ÷ 3168
0%
425 ÷ 2517
0%
153 ÷ 917
0%
493 ÷ 2917
0%
323 ÷ 1917
0%
119 ÷ 717
0%
391 ÷ 2317
0%
544 ÷ 3217
0%
306 ÷ 1817
0%
85 ÷ 517
0%
68 ÷ 417
0%
34 ÷ 217
0%
561 ÷ 3317
0%
187 ÷ 1117
0%
340 ÷ 2170
0%
513 ÷ 3171
0%
344 ÷ 2172
0%
346 ÷ 2173
0%
522 ÷ 3174
0%
350 ÷ 2175
0%
528 ÷ 3176
0%
352 ÷ 2176
0%
522 ÷ 2918
0%
432 ÷ 2418
0%
342 ÷ 1918
0%
126 ÷ 718
0%
216 ÷ 1218
0%
360 ÷ 2018
0%
270 ÷ 1518
0%
396 ÷ 2218
0%
36 ÷ 218
0%
468 ÷ 2618
0%
198 ÷ 1118
0%
540 ÷ 3180
0%
362 ÷ 2181
0%
364 ÷ 2182
0%
546 ÷ 3182
0%
366 ÷ 2183
0%
372 ÷ 2186
0%
376 ÷ 2188
0%
378 ÷ 2189
0%
567 ÷ 3189
0%
589 ÷ 3119
0%
285 ÷ 1519
0%
418 ÷ 2219
0%
532 ÷ 2819
0%
570 ÷ 3019
0%
133 ÷ 719
0%
551 ÷ 2919
0%
228 ÷ 1219
0%
456 ÷ 2419
0%
76 ÷ 419
0%
247 ÷ 1319
0%
494 ÷ 2619
0%
570 ÷ 3190
0%
382 ÷ 2191
0%
384 ÷ 2192
0%
579 ÷ 3193
0%
582 ÷ 3194
0%
390 ÷ 2195
0%
394 ÷ 2197
0%
398 ÷ 2199
0%
80 ÷ 402
0%
68 ÷ 342
0%
10 ÷ 52
0%
94 ÷ 472
0%
26 ÷ 132
0%
12 ÷ 62
0%
52 ÷ 262
0%
14 ÷ 72
0%
58 ÷ 292
0%
44 ÷ 222
0%
70 ÷ 352
0%
18 ÷ 92
0%
56 ÷ 282
0%
8 ÷ 42
0%
54 ÷ 272
0%
32 ÷ 162
0%
180 ÷ 920
0%
600 ÷ 3020
0%
540 ÷ 2720
0%
320 ÷ 1620
0%
40 ÷ 220
0%
200 ÷ 1020
0%
240 ÷ 1220
0%
500 ÷ 2520
0%
160 ÷ 820
0%
80 ÷ 420
0%
360 ÷ 1820
0%
60 ÷ 320
0%
300 ÷ 1520
0%
400 ÷ 2200
0%
404 ÷ 2202
0%
406 ÷ 2203
0%
408 ÷ 2204
0%
412 ÷ 2206
0%
414 ÷ 2207
0%
418 ÷ 2209
0%
567 ÷ 2721
0%
63 ÷ 321
0%
399 ÷ 1921
0%
252 ÷ 1221
0%
315 ÷ 1521
0%
462 ÷ 2221
0%
588 ÷ 2821
0%
525 ÷ 2521
0%
378 ÷ 1821
0%
483 ÷ 2321
0%
147 ÷ 721
0%
420 ÷ 2210
0%
428 ÷ 2214
0%
436 ÷ 2218
0%
438 ÷ 2219
0%
44 ÷ 222
0%
528 ÷ 2422
0%
550 ÷ 2522
0%
418 ÷ 1922
0%
594 ÷ 2722
0%
462 ÷ 2122
0%
374 ÷ 1722
0%
308 ÷ 1422
0%
286 ÷ 1322
0%
264 ÷ 1222
0%
352 ÷ 1622
0%
176 ÷ 822
0%
444 ÷ 2222
0%
446 ÷ 2223
0%
450 ÷ 2225
0%
452 ÷ 2226
0%
458 ÷ 2229
0%
69 ÷ 323
0%
598 ÷ 2623
0%
207 ÷ 923
0%
483 ÷ 2123
0%
414 ÷ 1823
0%
230 ÷ 1023
0%
322 ÷ 1423
0%
184 ÷ 823
0%
460 ÷ 2023
0%
115 ÷ 523
0%
391 ÷ 1723
0%
368 ÷ 1623
0%
464 ÷ 2232
0%
466 ÷ 2233
0%
472 ÷ 2236
0%
476 ÷ 2238
0%
264 ÷ 1124
0%
144 ÷ 624
0%
384 ÷ 1624
0%
528 ÷ 2224
0%
216 ÷ 924
0%
432 ÷ 1824
0%
96 ÷ 424
0%
168 ÷ 724
0%
312 ÷ 1324
0%
360 ÷ 1524
0%
192 ÷ 824
0%
480 ÷ 2240
0%
482 ÷ 2241
0%
490 ÷ 2245
0%
496 ÷ 2248
0%
300 ÷ 1225
0%
525 ÷ 2125
0%
575 ÷ 2325
0%
325 ÷ 1325
0%
175 ÷ 725
0%
425 ÷ 1725
0%
200 ÷ 825
0%
450 ÷ 1825
0%
400 ÷ 1625
0%
504 ÷ 2252
0%
508 ÷ 2254
0%
512 ÷ 2256
0%
514 ÷ 2257
0%
516 ÷ 2258
0%
546 ÷ 2126
0%
208 ÷ 826
0%
494 ÷ 1926
0%
364 ÷ 1426
0%
416 ÷ 1626
0%
312 ÷ 1226
0%
286 ÷ 1126
0%
338 ÷ 1326
0%
234 ÷ 926
0%
442 ÷ 1726
0%
598 ÷ 2326
0%
530 ÷ 2265
0%
189 ÷ 727
0%
324 ÷ 1227
0%
270 ÷ 1027
0%
486 ÷ 1827
0%
459 ÷ 1727
0%
351 ÷ 1327
0%
54 ÷ 227
0%
567 ÷ 2127
0%
542 ÷ 2271
0%
554 ÷ 2277
0%
558 ÷ 2279
0%
112 ÷ 428
0%
196 ÷ 728
0%
280 ÷ 1028
0%
56 ÷ 228
0%
448 ÷ 1628
0%
392 ÷ 1428
0%
224 ÷ 828
0%
476 ÷ 1728
0%
140 ÷ 528
0%
364 ÷ 1328
0%
570 ÷ 2285
0%
572 ÷ 2286
0%
574 ÷ 2287
0%
576 ÷ 2288
0%
578 ÷ 2289
0%
174 ÷ 629
0%
377 ÷ 1329
0%
406 ÷ 1429
0%
232 ÷ 829
0%
551 ÷ 1929
0%
203 ÷ 729
0%
464 ÷ 1629
0%
87 ÷ 329
0%
319 ÷ 1129
0%
116 ÷ 429
0%
290 ÷ 1029
0%
580 ÷ 2290
0%
586 ÷ 2293
0%
588 ÷ 2294
0%
590 ÷ 2295
0%
594 ÷ 2297
0%
596 ÷ 2298
0%
54 ÷ 183
0%
66 ÷ 223
0%
36 ÷ 123
0%
18 ÷ 63
0%
99 ÷ 333
0%
114 ÷ 383
0%
72 ÷ 243
0%
57 ÷ 193
0%
96 ÷ 323
0%
102 ÷ 343
0%
126 ÷ 423
0%
42 ÷ 143
0%
51 ÷ 173
0%
90 ÷ 303
0%
69 ÷ 233
0%
15 ÷ 53
0%
39 ÷ 133
0%
132 ÷ 443
0%
12 ÷ 43
0%
510 ÷ 1730
0%
120 ÷ 430
0%
540 ÷ 1830
0%
450 ÷ 1530
0%
270 ÷ 930
0%
480 ÷ 1630
0%
210 ÷ 730
0%
589 ÷ 1931
0%
124 ÷ 431
0%
186 ÷ 631
0%
62 ÷ 231
0%
372 ÷ 1231
0%
527 ÷ 1731
0%
403 ÷ 1331
0%
279 ÷ 931
0%
384 ÷ 1232
0%
576 ÷ 1832
0%
352 ÷ 1132
0%
160 ÷ 532
0%
64 ÷ 232
0%
448 ÷ 1432
0%
96 ÷ 332
0%
231 ÷ 733
0%
495 ÷ 1533
0%
396 ÷ 1233
0%
429 ÷ 1333
0%
198 ÷ 633
0%
99 ÷ 333
0%
297 ÷ 933
0%
363 ÷ 1133
0%
578 ÷ 1734
0%
102 ÷ 334
0%
340 ÷ 1034
0%
70 ÷ 235
0%
560 ÷ 1635
0%
210 ÷ 635
0%
455 ÷ 1335
0%
490 ÷ 1435
0%
525 ÷ 1535
0%
595 ÷ 1735
0%
105 ÷ 335
0%
245 ÷ 735
0%
175 ÷ 535
0%
420 ÷ 1235
0%
324 ÷ 936
0%
180 ÷ 536
0%
396 ÷ 1136
0%
432 ÷ 1236
0%
108 ÷ 336
0%
360 ÷ 1036
0%
288 ÷ 836
0%
468 ÷ 1336
0%
481 ÷ 1337
0%
592 ÷ 1637
0%
74 ÷ 237
0%
148 ÷ 437
0%
370 ÷ 1037
0%
222 ÷ 637
0%
114 ÷ 338
0%
456 ÷ 1238
0%
494 ÷ 1338
0%
190 ÷ 538
0%
266 ÷ 738
0%
304 ÷ 838
0%
390 ÷ 1039
0%
117 ÷ 339
0%
312 ÷ 839
0%
585 ÷ 1539
0%
468 ÷ 1239
0%
273 ÷ 739
0%
144 ÷ 364
0%
148 ÷ 374
0%
164 ÷ 414
0%
100 ÷ 254
0%
8 ÷ 24
0%
84 ÷ 214
0%
180 ÷ 454
0%
120 ÷ 304
0%
200 ÷ 504
0%
20 ÷ 54
0%
160 ÷ 404
0%
64 ÷ 164
0%
52 ÷ 134
0%
128 ÷ 324
0%
184 ÷ 464
0%
32 ÷ 84
0%
60 ÷ 154
0%
196 ÷ 494
0%
192 ÷ 484
0%
88 ÷ 224
0%
96 ÷ 244
0%
44 ÷ 114
0%
68 ÷ 174
0%
28 ÷ 74
0%
400 ÷ 1040
0%
200 ÷ 540
0%
80 ÷ 240
0%
440 ÷ 1140
0%
560 ÷ 1440
0%
280 ÷ 740
0%
600 ÷ 1540
0%
287 ÷ 741
0%
164 ÷ 441
0%
410 ÷ 1041
0%
123 ÷ 341
0%
420 ÷ 1042
0%
378 ÷ 942
0%
168 ÷ 442
0%
294 ÷ 742
0%
210 ÷ 542
0%
588 ÷ 1442
0%
258 ÷ 643
0%
215 ÷ 543
0%
387 ÷ 943
0%
572 ÷ 1344
0%
308 ÷ 744
0%
132 ÷ 344
0%
220 ÷ 544
0%
264 ÷ 644
0%
176 ÷ 444
0%
495 ÷ 1145
0%
540 ÷ 1245
0%
135 ÷ 345
0%
276 ÷ 646
0%
552 ÷ 1246
0%
414 ÷ 946
0%
184 ÷ 446
0%
92 ÷ 246
0%
470 ÷ 1047
0%
282 ÷ 647
0%
423 ÷ 947
0%
517 ÷ 1147
0%
235 ÷ 547
0%
432 ÷ 948
0%
144 ÷ 348
0%
192 ÷ 448
0%
288 ÷ 648
0%
336 ÷ 748
0%
480 ÷ 1048
0%
98 ÷ 249
0%
343 ÷ 749
0%
588 ÷ 1249
0%
294 ÷ 649
0%
392 ÷ 849
0%
539 ÷ 1149
0%
245 ÷ 549
0%
441 ÷ 949
0%
90 ÷ 185
0%
65 ÷ 135
0%
250 ÷ 505
0%
205 ÷ 415
0%
95 ÷ 195
0%
190 ÷ 385
0%
55 ÷ 115
0%
110 ÷ 225
0%
225 ÷ 455
0%
185 ÷ 375
0%
180 ÷ 365
0%
115 ÷ 235
0%
135 ÷ 275
0%
200 ÷ 405
0%
140 ÷ 285
0%
175 ÷ 355
0%
100 ÷ 205
0%
220 ÷ 445
0%
145 ÷ 295
0%
40 ÷ 85
0%
350 ÷ 750
0%
400 ÷ 850
0%
550 ÷ 1150
0%
150 ÷ 350
0%
600 ÷ 1250
0%
200 ÷ 450
0%
255 ÷ 551
0%
102 ÷ 251
0%
306 ÷ 651
0%
204 ÷ 451
0%
459 ÷ 951
0%
156 ÷ 352
0%
208 ÷ 452
0%
477 ÷ 953
0%
530 ÷ 1053
0%
159 ÷ 353
0%
432 ÷ 854
0%
540 ÷ 1054
0%
110 ÷ 255
0%
550 ÷ 1055
0%
165 ÷ 355
0%
168 ÷ 356
0%
280 ÷ 556
0%
336 ÷ 656
0%
504 ÷ 956
0%
392 ÷ 756
0%
513 ÷ 957
0%
456 ÷ 857
0%
171 ÷ 357
0%
348 ÷ 658
0%
232 ÷ 458
0%
464 ÷ 858
0%
290 ÷ 558
0%
580 ÷ 1058
0%
522 ÷ 958
0%
472 ÷ 859
0%
295 ÷ 559
0%
413 ÷ 759
0%
258 ÷ 436
0%
180 ÷ 306
0%
174 ÷ 296
0%
42 ÷ 76
0%
48 ÷ 86
0%
126 ÷ 216
0%
168 ÷ 286
0%
108 ÷ 186
0%
204 ÷ 346
0%
30 ÷ 56
0%
264 ÷ 446
0%
234 ÷ 396
0%
156 ÷ 266
0%
90 ÷ 156
0%
186 ÷ 316
0%
12 ÷ 26
0%
150 ÷ 256
0%
282 ÷ 476
0%
294 ÷ 496
0%
540 ÷ 960
0%
120 ÷ 260
0%
240 ÷ 460
0%
180 ÷ 360
0%
366 ÷ 661
0%
183 ÷ 361
0%
305 ÷ 561
0%
372 ÷ 662
0%
434 ÷ 762
0%
186 ÷ 362
0%
310 ÷ 562
0%
504 ÷ 863
0%
567 ÷ 963
0%
441 ÷ 763
0%
315 ÷ 563
0%
126 ÷ 263
0%
252 ÷ 463
0%
189 ÷ 363
0%
192 ÷ 364
0%
448 ÷ 764
0%
384 ÷ 664
0%
130 ÷ 265
0%
390 ÷ 665
0%
585 ÷ 965
0%
396 ÷ 666
0%
330 ÷ 566
0%
594 ÷ 966
0%
132 ÷ 266
0%
201 ÷ 367
0%
268 ÷ 467
0%
536 ÷ 867
0%
134 ÷ 267
0%
335 ÷ 567
0%
469 ÷ 767
0%
272 ÷ 468
0%
340 ÷ 568
0%
204 ÷ 368
0%
544 ÷ 868
0%
483 ÷ 769
0%
276 ÷ 469
0%
552 ÷ 869
0%
138 ÷ 269
0%
207 ÷ 369
0%
294 ÷ 427
0%
126 ÷ 187
0%
217 ÷ 317
0%
203 ÷ 297
0%
287 ÷ 417
0%
14 ÷ 27
0%
154 ÷ 227
0%
224 ÷ 327
0%
182 ÷ 267
0%
273 ÷ 397
0%
245 ÷ 357
0%
168 ÷ 247
0%
259 ÷ 377
0%
350 ÷ 507
0%
91 ÷ 137
0%
105 ÷ 157
0%
112 ÷ 167
0%
252 ÷ 367
0%
329 ÷ 477
0%
98 ÷ 147
0%
420 ÷ 670
0%
560 ÷ 870
0%
213 ÷ 371
0%
497 ÷ 771
0%
142 ÷ 271
0%
284 ÷ 471
0%
144 ÷ 272
0%
576 ÷ 872
0%
432 ÷ 672
0%
438 ÷ 673
0%
584 ÷ 873
0%
146 ÷ 273
0%
592 ÷ 874
0%
518 ÷ 774
0%
152 ÷ 276
0%
304 ÷ 476
0%
308 ÷ 477
0%
539 ÷ 777
0%
312 ÷ 478
0%
474 ÷ 679
0%
316 ÷ 479
0%
237 ÷ 379
0%
158 ÷ 279
0%
80 ÷ 108
0%
88 ÷ 118
0%
96 ÷ 128
0%
104 ÷ 138
0%
208 ÷ 268
0%
40 ÷ 58
0%
128 ÷ 168
0%
280 ÷ 358
0%
264 ÷ 338
0%
56 ÷ 78
0%
120 ÷ 158
0%
176 ÷ 228
0%
136 ÷ 178
0%
304 ÷ 388
0%
72 ÷ 98
0%
64 ÷ 88
0%
192 ÷ 248
0%
344 ÷ 438
0%
368 ÷ 468
0%
48 ÷ 68
0%
384 ÷ 488
0%
392 ÷ 498
0%
560 ÷ 780
0%
243 ÷ 381
0%
567 ÷ 781
0%
324 ÷ 481
0%
246 ÷ 382
0%
328 ÷ 482
0%
492 ÷ 682
0%
574 ÷ 782
0%
581 ÷ 783
0%
332 ÷ 483
0%
504 ÷ 684
0%
168 ÷ 284
0%
420 ÷ 584
0%
255 ÷ 385
0%
340 ÷ 485
0%
510 ÷ 685
0%
258 ÷ 386
0%
344 ÷ 486
0%
172 ÷ 286
0%
516 ÷ 686
0%
174 ÷ 287
0%
522 ÷ 687
0%
176 ÷ 288
0%
352 ÷ 488
0%
264 ÷ 388
0%
445 ÷ 589
0%
178 ÷ 289
0%
267 ÷ 389
0%
534 ÷ 689
0%
356 ÷ 489
0%
333 ÷ 379
0%
252 ÷ 289
0%
342 ÷ 389
0%
171 ÷ 199
0%
54 ÷ 69
0%
180 ÷ 209
0%
99 ÷ 119
0%
432 ÷ 489
0%
90 ÷ 109
0%
189 ÷ 219
0%
225 ÷ 259
0%
135 ÷ 159
0%
207 ÷ 239
0%
72 ÷ 89
0%
306 ÷ 349
0%
198 ÷ 229
0%
126 ÷ 149
0%
324 ÷ 369
0%
234 ÷ 269
0%
405 ÷ 459
0%
261 ÷ 299
0%
396 ÷ 449
0%
63 ÷ 79
0%
414 ÷ 469
0%
279 ÷ 319
0%
540 ÷ 690
0%
180 ÷ 290
0%
182 ÷ 291
0%
276 ÷ 392
0%
558 ÷ 693
0%
279 ÷ 393
0%
376 ÷ 494
0%
564 ÷ 694
0%
190 ÷ 295
0%
576 ÷ 696
0%
288 ÷ 396
0%
582 ÷ 697
0%
196 ÷ 298
0%
490 ÷ 598
0%
495 ÷ 599
0%
396 ÷ 499
0%

Score Distribution

Percentile by Number Answered

Percent of People with Each Score

Your Score History

You have not taken this quiz